000
00236nam a2200097Ia 4500
001
689916
005
20250826161806.0
008
250824s9999 xx 000 0 und d
245
0
_a
NUTUK
_c
MUSTAFA KEMAL ATATÜRK
260
_b
DOKUZ YAYINLARI
999
_c
689916
_d
689916